[Event "UZB-ch Women 2021"]
[Site "Tashkent"]
[Date "2021.04.17"]
[Round "1.2"]
[White "Malikova, Marjona"]
[Black "Abdusattorova, Bakhora"]
[Result "1/2-1/2"]
[WhiteElo "1651"]
[BlackElo "2078"]
[Annotator "NA"]
[PlyCount "100"]
[EventDate "2021.04.17"]
[EventType "tourn"]
[EventCountry "UZB"]
[SourceVersionDate "2021.04.17"]
[TimeControl "5400+30"]

1. d4 Nf6 2. c4 e6 3. Nc3 Bb4 4. Qc2 d5 5. cxd5 exd5 6. Bg5 h6 7. Bh4 Nc6 8. e3 g5 9. Bg3 Qe7 10. Bb5 Bd7 11. Nge2 a6 12. Bxc6 Bxc6 13. Be5 Rg8 14. Qf5 Rg6 15. h4 Bd7 16. Qc2 c6 17. hxg5 Rxg5 18. Rxh6 Ng8 19. Rh8 O-O-O 20. O-O-O Bf5 21. Qb3 Rxg2 22. Na4 Bd6 23. Bxd6 Qxd6 24. Nc5 Qc7 25. Rf1 Re8 26. Nf4 Rg4 27. Nfd3 Nf6 28. Rxe8+ Nxe8 29. Qd1 Qa5 30. Ne5 Rh4 31. Qb3 Qc7 32. Rg1 Rh8 33. Qd1 f6 34. Qf3 Nd6 35. Ng4 Qa5 36. e4 dxe4 37. Qf4 Rd8 38. Nxf6 Qxa2 39. Rg5 Qc4+ 40. Kb1 Bh3 41. Qg3 Qf1+ 42. Ka2 Nb5 43. Rg7 Qc4+ 44. Kb1 Bf5 45. Qe5 Bh3 46. Rxb7 Qf1+ 47. Ka2 Qc4+ 48. Kb1 Qf1+ 49. Ka2 Qc4+ 50. Kb1 Qf1+ 1/2-1/2

[Event "UZB-ch Women 2021"]
[Site "Tashkent"]
[Date "2021.04.17"]
[Round "1.3"]
[White "Saparova, Sitora"]
[Black "Salimova, Asal"]
[Result "0-1"]
[WhiteElo "2017"]
[BlackElo "1815"]
[Annotator "NA"]
[PlyCount "54"]
[EventDate "2021.04.17"]
[EventType "tourn"]
[EventCountry "UZB"]
[SourceVersionDate "2021.04.17"]
[TimeControl "5400+30"]

1. e4 e5 2. Nf3 Nc6 3. Bc4 Bc5 4. c3 Nf6 5. d4 exd4 6. e5 d5 7. Bb5 Ne4 8. cxd4 Bb6 9. O-O Bg4 10. Be3 O-O 11. Bxc6 bxc6 12. Nc3 f6 13. Ne2 Qe8 14. a4 fxe5 15. Nxe5 Bxe2 16. Qxe2 c5 17. dxc5 Qxe5 18. cxb6 axb6 19. b4 Nxf2 20. Rac1 Ne4 21. Rxf8+ Rxf8 22. Qd3 Nf6 23. Rf1 Ng4 24. Rxf8+ Kxf8 25. Qf1+ Kg8 26. Bf4 Qd4+ 27. Kh1 Nf2+ 0-1

[Event "UZB-ch Women 2021"]
[Site "Tashkent"]
[Date "2021.04.17"]
[Round "1.4"]
[White "Omonova, Umida"]
[Black "Shokirjonova, Barchinoy"]
[Result "1-0"]
[WhiteElo "2008"]
[BlackElo "1594"]
[Annotator "NA"]
[PlyCount "97"]
[EventDate "2021.04.17"]
[EventType "tourn"]
[EventCountry "UZB"]
[SourceVersionDate "2021.04.17"]
[TimeControl "5400+30"]

1. e4 e6 2. d4 d5 3. Nd2 c5 4. exd5 Qxd5 5. Ngf3 cxd4 6. Bc4 Qd6 7. O-O Nf6 8. Nb3 Nc6 9. Nbxd4 Nxd4 10. Nxd4 a6 11. Re1 Qc7 12. Bf1 Bd6 13. Nf5 Bxh2+ 14. Kh1 Kf8 15. Qd4 exf5 16. Qxf6 h6 17. Qd4 Bd6 18. Bc4 Bc5 19. Qd5 Kg8 20. Bf4 Qxf4 21. Qxc5 Bd7 22. Bxf7+ Kh7 23. Rad1 Rhc8 24. Qe5 Qxe5 25. Rxe5 Bb5 26. Be6 Re8 27. Bxf5+ g6 28. Rxe8 Rxe8 29. Bg4 Bc6 30. Rd2 h5 31. Be2 Kh6 32. Kg1 Re5 33. f3 Kg7 34. Kf2 g5 35. c4 a5 36. b3 Kf7 37. a3 Ke7 38. Rd4 h4 39. b4 b6 40. Bd3 Ke6 41. Rd8 axb4 42. axb4 b5 43. c5 Ke7 44. Rd6 Re6 45. Rd4 Kf6 46. Rd8 Ke5 47. Rb8 Rf6 48. Bxb5 Bd5 49. Ke3 1-0

[Event "UZB-ch Women 2021"]
[Site "Tashkent"]
[Date "2021.04.17"]
[Round "1.5"]
[White "Semenova, Irina"]
[Black "Orazmukhammedova, Makhim"]
[Result "1-0"]
[WhiteElo "2188"]
[BlackElo "1898"]
[Annotator "NA"]
[PlyCount "81"]
[EventDate "2021.04.17"]
[EventType "tourn"]
[EventCountry "UZB"]
[SourceVersionDate "2021.04.17"]
[TimeControl "5400+30"]

1. d4 d5 2. c4 c6 3. Nc3 Nf6 4. Nf3 e6 5. e3 Nbd7 6. Qc2 Be7 7. b3 O-O 8. Bd3 Re8 9. O-O Bd6 10. Bb2 h6 11. h3 b6 12. e4 dxe4 13. Nxe4 Nxe4 14. Bxe4 Bb7 15. Ne5 Qc7 16. Nxd7 Qxd7 17. Rad1 Rad8 18. c5 Bb8 19. b4 Qc7 20. g3 a5 21. a3 axb4 22. axb4 bxc5 23. bxc5 Ba6 24. Rfe1 Bb5 25. Qc3 f5 26. Bf3 Qf7 27. Ra1 h5 28. h4 e5 29. Qb4 e4 30. Bd1 Kh7 31. Bb3 Qg6 32. Qc3 f4 33. Bc2 fxg3 34. f3 Bd3 35. fxe4 Bxe4 36. Rxe4 Rxe4 37. Qf3 Rde8 38. Rf1 Qg4 39. Qxg4 hxg4 40. Re1 g6 41. Bxe4 1-0

[Event "UZB-ch Women 2021"]
[Site "Tashkent"]
[Date "2021.04.20"]
[Round "2.1"]
[White "Shokirjonova, Barchinoy"]
[Black "Semenova, Irina"]
[Result "0-1"]
[WhiteElo "1594"]
[BlackElo "2188"]
[Annotator "TA"]
[PlyCount "134"]
[EventDate "2021.04.17"]
[EventType "tourn"]
[EventCountry "UZB"]
[SourceTitle "playchess.com"]
[Source "ChessBase"]
[SourceQuality "1"]

{[%evp 22,134,44,27,25,18,33,7,11,6,6,0,0,6,0,0,5,0,0,0,16,19,9,0,12,-20,-16,-17,-13,-39,-40,-50,0,-3,-5,-11,-9,-54,-28,-41,-40,-136,-44,-189,-187,-183,-143,-143,-149,-155,-148,-145,-141,-237,-231,-259,-234,-245,-231,-310,-193,-185,-108,-97,-106,-106,-109,-94,-42,-64,0,-146,-162,-301,-301,-281,-304,-402,-289,-276,-260,-260,-183,-417,-286,-299,-256,-931,-717,-604,0,-1362,-1313,-1256,-1230,-1951,0,-175,0,-1919,-1500,-1867,-1829,-1777,-1707,-6207,-5443,-6215,-6215,-6175,-5627,-29969,-29971,-12846,-5097]} 1. d4 d5 2. c4 e6 3. Nc3 Nf6 4. cxd5 exd5 5. Bg5 c6 6. e3 Be7 7. Bd3 O-O 8. Qc2 Nbd7 9. Nf3 Re8 10. O-O Nf8 11. h3 Be6 12. Ne5 N6d7 {D36: Queen's Gambit Declined: Exchange Variation: Main line (5 Bg5 c6 6 Qc2).} 13. Bxe7 Qxe7 14. f4 (14. Nf3 {seems wilder.} Qf6 15. Nh2 Nb6 16. Rac1 g6 17. Ne2) 14... f6 {The position is equal.} 15. Nxd7 Qxd7 16. Rae1 Qd6 {[#]} 17. Qf2 $146 ({Predecessor:} 17. e4 dxe4 18. Rxe4 Bf7 19. Qf2 Rad8 20. Rxe8 Rxe8 21. Ne4 Qd5 22. Nc3 Qd7 23. Kh1 {0-1 (82) Hernandez Ducos,J (2180)-Leyva,H (2384) Dos Hermanas 2004}) 17... Re7 18. Re2 Rae8 19. Rfe1 Bf7 20. a3 Bg6 21. f5 Bf7 22. Kh1 Nd7 23. e4 dxe4 24. Nxe4 Qc7 25. Nc5 (25. g4 {with more complications.} Bd5 26. Kg1 Kf8 27. Nc3 Rxe2 28. Rxe2 Rxe2 29. Bxe2 Nb6 30. h4) 25... Nxc5 26. dxc5 Bd5 27. Rxe7 Rxe7 28. Rxe7 Qxe7 29. Qf4 h6 30. Qf2 Qe5 31. Qe2 ({Better is} 31. Kg1 $15) 31... Kf7 (31... Qd4 $1 $17 32. Qe8+ Kh7 33. Qg6+ Kh8 34. Qe8+ Bg8) 32. Qh5+ (32. Qf2 $1 $15) 32... Kf8 $19 33. Qe2 Qd4 34. Qc2 Qf4 35. Kg1 Qe3+ 36. Kh2 h5 37. Qe2 (37. Be2 $17) 37... Qf4+ ({But not} 37... Qxc5 38. Qxh5 Qd6+ 39. Kg1 $17) 38. Kg1 {[#] If White can now play Qf2 this consolidates a bit.} Qd4+ 39. Kh2 h4 ({Don't play} 39... Qxc5 40. Qxh5 Qd6+ 41. Kg1 $17) 40. Qc2 Qe3 41. Bf1 Bb3 (41... a6 $19 42. Qe2 Qxc5) 42. Qd3 $17 Qe5+ 43. Kh1 Bd5 $36 {[%mdl 2048] Black is on the roll.} 44. b4 Ke7 (44... b6 $17 45. cxb6 axb6) 45. Qe2 $1 $15 Kf8 (45... b6 $15) 46. Qxe5 (46. Qd3 $11) 46... fxe5 $11 {[%mdl 4096] Endgame KB-KB} 47. Kg1 (47. Kh2 $142) 47... Ke7 $19 48. Kf2 {[#]} Kf6 $1 {[%cal Rf6g5]} 49. Bd3 e4 50. Be2 Kxf5 {Hoping for ...Kf4.} 51. Ke3 Ke5 52. a4 $2 (52. Bg4 {keeps fighting.}) 52... Be6 53. a5 {If only White now had time for Bd1....} a6 54. Bf1 $2 (54. Bd1) 54... Bb3 55. Be2 Be6 (55... Kd5 $142 56. Bg4 Kc4) 56. Bf1 $1 g5 57. Be2 Kd5 58. Bf1 Ke5 $2 (58... g4 {And now ...gxh3 would win.} 59. hxg4 Bxg4) 59. Be2 Kd5 $2 (59... Kf6 60. Kxe4 Bd5+ 61. Kd4 Kf5 62. Bxa6 bxa6) 60. Bf1 $1 g4 61. hxg4 Bxg4 62. Kf4 Bd1 63. Ke3 Bh5 64. Kf4 Kd4 65. Kg5 Bd1 66. b5 axb5 67. Bxb5 e3 {Weighted Error Value: White=0.51/Black=0.51} 0-1

[Event "UZB-ch Women 2021"]
[Site "Tashkent"]
[Date "2021.04.20"]
[Round "2.2"]
[White "Salimova, Asal"]
[Black "Omonova, Umida"]
[Result "0-1"]
[WhiteElo "1815"]
[BlackElo "2008"]
[Annotator "NA RC"]
[PlyCount "158"]
[EventDate "2021.04.17"]
[EventType "tourn"]
[EventCountry "UZB"]
[SourceTitle "playchess.com"]
[Source "ChessBase"]
[SourceQuality "1"]
[TimeControl "5400+30"]

1. d4 {[%emt 0:00:00]} d5 {[%emt 0:01:08]} 2. Bf4 {[%emt 0:00:00]} Nf6 {[%emt 0:00:13]} 3. e3 {[%emt 0:00:01]} c5 {[%emt 0:00:07]} 4. Nf3 {[%emt 0:00:06]} Nc6 {[%emt 0:00:07]} 5. Nbd2 {[%emt 0:00:37]} Bg4 {[%emt 0:03:01]} 6. h3 {[%emt 0:08:21]} Bxf3 {[%emt 0:01:10]} 7. Nxf3 {[%emt 0:03:09]} e6 {[%emt 0:01:31]} 8. c3 {[%emt 0:29:14]} Bd6 {[%emt 0:14:30]} 9. Bb5 {[%emt 0:03:35]} Bxf4 {[%emt 0:01:10]} 10. exf4 {[%emt 0:00:50]} Qb6 {[%emt 0:01:31]} 11. Qa4 {[%emt 0:27:30]} O-O {[%emt 0:02:53]} 12. dxc5 {[%emt 0:01:53]} Qxc5 {[%emt 0:00:25]} 13. O-O {[%emt 0:00:42]} Ne7 {[%emt 0:02:26]} 14. Bd3 {[%emt 0:00:23]} a6 {[%emt 0:01:53]} 15. Rfe1 {[%emt 0:01:15]} Rfd8 {[%emt 0:11:19]} 16. Rad1 {[%emt 0:01:46]} Ng6 {[%emt 0:01:41]} 17. f5 {[%emt 0:00:51]} exf5 {[%emt 0:03:53]} 18. Bxf5 {[%emt 0:00:22]} Re8 {[%emt 0:01:49]} 19. Bxg6 {[%emt 0:08:34]} hxg6 {[%emt 0:00:02]} 20. Qd4 {[%emt 0:00:16]} Qb5 {[%emt 0:00:45]} 21. Qd2 {[%emt 0:03:16]} Rad8 {[%emt 0:01:11]} 22. Nd4 {[%emt 0:01:50]} Qc4 {[%emt 0:00:41]} 23. a3 {[%emt 0:00:36]} Qc7 {[%emt 0:06:30]} 24. Rxe8+ {[%emt 0:01:52]} Rxe8 {[%emt 0:00:24]} 25. Re1 {[%emt 0:00:07]} Ne4 {[%emt 0:07:56]} 26. Qe3 {[%emt 0:00:08]} Qb6 {[%emt 0:01:39]} 27. Re2 {[%emt 0:02:44]} Nd6 {[%emt 0:03:51]} 28. Qd2 {[%emt 0:01:40]} Rxe2 {[%emt 0:01:00]} 29. Qxe2 {[%emt 0:00:14]} Kf8 {[%emt 0:00:00]} 30. Qc2 {[%emt 0:02:34]} Nc4 {[%emt 0:00:00]} 31. b3 {[%emt 0:00:13]} Nxa3 {[%emt 0:00:31]} 32. Qd2 {[%emt 0:00:31]} Nb5 {[%emt 0:02:20]} 33. Ne2 {[%emt 0:00:39]} Qc5 {[%emt 0:00:29]} 34. Qf4 {[%emt 0:00:38]} Qc7 {[%emt 0:00:08]} 35. Qh4 {[%emt 0:00:17]} Kg8 {[%emt 0:02:33]} 36. Qg5 {[%emt 0:00:24]} Qd6 {[%emt 0:00:56]} 37. Qe3 {[%emt 0:00:45]} Qe6 {[%emt 0:01:07]} 38. Qd2 {[%emt 0:00:12]} g5 {[%emt 0:01:10]} 39. h4 {[%emt 0:00:34]} gxh4 {[%emt 0:01:16]} 40. Nf4 {[%emt 0:00:16]} Qh6 {[%emt 0:00:01]} 41. Qe3 {[%emt 0:01:02]} Nxc3 {[%emt 0:01:14]} 42. Qxc3 {[%emt 0:00:30]} Qxf4 {[%emt 0:00:01]} 43. Qc8+ {[%emt 0:00:14]} Kh7 {[%emt 0:00:02]} 44. Qxb7 {[%emt 0:00:23]} Qf5 {[%emt 0:02:34]} 45. b4 {[%emt 0:00:36]} d4 {[%emt 0:01:13]} 46. Qxa6 {[%emt 0:00:18]} Qb1+ {[%emt 0:00:08]} 47. Qf1 {[%emt 0:00:34]} Qxb4 {[%emt 0:23:01]} 48. Qd3+ {[%emt 0:01:28]} Kh6 {[%emt 0:00:00]} 49. Qe4 {[%emt 0:00:00]} g5 {[%emt 0:00:00]} 50. Qe5 {[%emt 0:00:12]} Kg6 {[%emt 0:00:00]} 51. Qe4+ {[%emt 0:00:09]} Kg7 {[%emt 0:00:00]} 52. Qe5+ {[%emt 0:00:37]} f6 {[%emt 0:00:00]} 53. Qc7+ {[%emt 0:00:12]} Kg6 {[%emt 0:00:00]} 54. Qc2+ {[%emt 0:00:08]} Kh6 {[%emt 0:00:00]} 55. Qe4 {[%emt 0:01:12]} Qd6 {[%emt 0:00:00]} 56. Qe8 {[%emt 0:00:34]} Kg7 {[%emt 0:00:00]} 57. Qc8 {[%emt 0:00:51]} d3 {[%emt 0:00:00]} 58. Qb7+ {[%emt 0:00:04]} Kh6 {[%emt 0:00:00]} 59. Qc8 {[%emt 0:00:23]} d2 {[%emt 0:00:00]} 60. Qh8+ {[%emt 0:00:05]} Kg6 {[%emt 0:00:00]} 61. Qg8+ {[%emt 0:00:09]} Kf5 {[%emt 0:00:00]} 62. Qc8+ {[%emt 0:00:12]} Ke5 {[%emt 0:00:00]} 63. Qe8+ {[%emt 0:00:37]} Kf4 {[%emt 0:00:00]} 64. Qa4+ {[%emt 0:00:32]} Ke5 {[%emt 0:00:00]} 65. Qe8+ {[%emt 0:00:07]} Kd4 {[%emt 0:00:00]} 66. Qa4+ {[%emt 0:01:00]} Kc3 {[%emt 0:00:00]} 67. Qa1+ {[%emt 0:00:20]} Kd3 {[%emt 0:00:00]} 68. Qb1+ {[%emt 0:00:17]} Kd4 {[%emt 0:00:00]} 69. Qb2+ {[%emt 0:00:37]} Ke4 {[%emt 0:00:00]} 70. Qb1+ {[%emt 0:00:30]} Qd3 {[%emt 0:00:00]} 71. Qb7+ {[%emt 0:00:24]} Qd5 {[%emt 0:00:00]} 72. Qe7+ {[%emt 0:01:28]} Kd3 {[%emt 0:00:00]} 73. Qa3+ {[%emt 0:00:32]} Kc2 {[%emt 0:00:00]} 74. Qa4+ {[%emt 0:00:10]} Qb3 {[%emt 0:00:00]} 75. Qc6+ {[%emt 0:00:55]} Kb1 {[%emt 0:00:00]} 76. Qe4+ {[%emt 0:00:19]} Kc1 {[%emt 0:00:00]} 77. Qc6+ {[%emt 0:00:59]} Qc2 {[%emt 0:00:00]} 78. Qxf6 {[%emt 0:00:16]} d1=Q+ {[%emt 0:00:00]} 79. Kh2 {[%emt 0:00:13]} Qc7+ {[%emt 0:00:00]} 0-1

[Event "UZB-ch Women 2021"]
[Site "Tashkent"]
[Date "2021.04.20"]
[Round "2.3"]
[White "Abdusattorova, Bakhora"]
[Black "Saparova, Sitora"]
[Result "1-0"]
[WhiteElo "2078"]
[BlackElo "2017"]
[Annotator "TA"]
[PlyCount "109"]
[EventDate "2021.04.17"]
[EventType "tourn"]
[EventCountry "UZB"]
[SourceTitle "playchess.com"]
[Source "ChessBase"]
[SourceQuality "1"]

{[%evp 12,109,37,34,49,48,71,52,50,44,65,35,46,70,47,36,102,99,102,101,124,111,171,77,66,50,67,60,62,38,67,41,10,-40,-35,-33,-31,-63,-56,-201,-193,-176,-170,-320,-151,-152,-152,-153,-136,-276,-275,-899,-260,-392,242,258,242,224,240,237,852,816,827,844,811,838,619,28,22,25,25,25,29,26,37,12,12,15,15,16,120,0,0,0,198,215,288,288,288,288,288,288,675,668,2754,2754,2177,1878,1307,666]} 1. d4 Nf6 2. c4 e6 3. Nc3 Bb4 4. e3 c5 5. Nge2 O-O 6. a3 Bxc3+ {6...Bxc3+ scores better than 6...cxd4.} 7. Nxc3 b6 {E46: Nimzo-Indian: Rubinstein: 4 e3 0-0 5 Ne2 without early Bd3.} 8. Be2 Bb7 9. O-O d5 {White is slightly better.} 10. cxd5 exd5 11. Bf3 {[#]} Qd7 $146 ({Predecessor:} 11... Na6 12. dxc5 Nxc5 13. b4 Nce4 14. Bb2 Ng5 15. Be2 Qe7 16. Nb5 Nfe4 17. Nd4 Nd6 {½-½ (35) Modell,B (1669)-Olofsson,H (2019) Ostersund 2019}) 12. dxc5 bxc5 13. b4 Ne4 (13... Na6 $14) 14. Na4 cxb4 15. axb4 Rd8 16. Bb2 f6 (16... Na6 $16) 17. Rc1 (17. b5 $1 $18 {and White stays clearly on top.}) 17... Na6 $16 18. Nc5 Naxc5 19. bxc5 Bc6 20. h4 Rab8 21. Qd4 a5 {Threatens to win with ...Rb4.} 22. Ba3 (22. Bc3 $5) 22... Rb3 $36 {[%mdl 2048] Black is more active.} 23. Ra1 Rdb8 24. Bd1 Rc3 25. Be2 ({White should try} 25. Bf3 $15) 25... Rbb3 $19 26. Bc1 Rxc5 27. Bh5 (27. Re1 {was necessary.}) 27... g6 (27... Rb4 $19 28. Qd1 Nc3) 28. Bf3 $17 {Strongly threatening Bxe4.} Rb4 29. Qd1 {Threatening Ba3.} Nc3 30. Qe1 (30. Qd2 $17) 30... Rxh4 $19 31. Ba3 $2 {[#]} (31. Rxa5 Qc7 32. g3 Qxa5 33. gxh4) 31... Rcc4 $2 (31... d4 $1 {[%mdl 512] ( -> ...Bxf3!)} 32. Bxc6 Rch5) 32. Bb2 {[#]} (32. Rc1 $142 d4 33. Bxc6 Rxc6 34. Bb2) 32... Na4 $4 {[%mdl 8192]} (32... Rh6 $1 $19 {avoids the disaster. aiming for ...Rch4.} 33. e4 (33. Bxc3 $2 Rch4 $19) 33... dxe4) 33. Bxf6 $18 Qd6 {[%csl Gh4][%cal Rd6h2]} 34. Bxh4 Rxh4 {[%csl Gh4][%cal Rd6h2]} 35. g3 Rh6 (35... Rb4 36. Rc1 Bb7) 36. Qxa5 d4 37. e4 (37. Qa6 Bxf3 38. Qa8+ Bxa8 39. e4 Bxe4 40. f4 d3 $1 41. Rf3 Qd4+ 42. Kf1 Bxf3 43. Ke1 Qe3+ 44. Kf1 Rh1#) 37... Nc3 38. Qg5 Qf8 {[#]} 39. Qf4 $2 (39. Ra7 $1 $18) 39... Qxf4 $11 40. gxf4 {Ra6 is the strong threat.} Rh4 41. Ra6 Bb5 42. Ra8+ Kg7 43. Re1 {And now Ra7+ would win.} Rxf4 44. Kg2 g5 45. Rd8 d3 {[#]} (45... g4 $11 {keeps the balance.} 46. Bd1 d3) 46. e5 ({White must play} 46. Rc1 $1 $16 {[%cal Rc1c3]} Nxe4 47. Bxe4 (47. Rd5 d2 $16) 47... Rxe4 48. Rc5) 46... g4 $1 {[%cal Rg4f3]} 47. Bd1 Bc6+ $2 (47... h5 $11) 48. Kg3 $18 {[%mdl 64] Double Attack} Re4 49. Rxe4 ({Inferior is} 49. Rxd3 Rxe1 50. Rxc3 Rxd1 $11) 49... Nxe4+ {[%mdl 4096] Endgame KRB-KBN} 50. Kf4 ({Stronger than} 50. Kxg4 Nxf2+ 51. Kf4 Nxd1 $11) 50... Nxf2 51. Bxg4 Bb5 $2 (51... Nxg4 52. Kxg4 Bb5) 52. Bf5 {White is clearly winning.} h6 53. Kf3 Nd1 54. Bxd3 Bc6+ 55. Be4 {White used his chance.  Weighted Error Value: White=0.60/Black=0.62} 1-0

[Event "UZB-ch Women 2021"]
[Site "Tashkent"]
[Date "2021.04.20"]
[Round "2.4"]
[White "Khegay, Yuliya"]
[Black "Malikova, Marjona"]
[Result "1-0"]
[WhiteElo "1913"]
[BlackElo "1651"]
[Annotator "TA"]
[PlyCount "100"]
[EventDate "2021.04.17"]
[EventType "tourn"]
[EventCountry "UZB"]
[SourceTitle "playchess.com"]
[Source "ChessBase"]
[SourceQuality "1"]

{[%evp 10,100,44,17,19,18,25,6,34,14,37,30,28,25,57,0,0,-27,19,-20,29,20,28,25,25,14,23,0,0,0,0,-11,-13,-8,27,-24,0,0,60,40,64,4,17,0,83,86,87,63,753,827,825,825,784,829,772,808,785,756,816,799,864,821,899,927,955,938,895,604,907,939,959,931,1049,918,833,692,1049,1041,1025,1028,1003,985,895,750,616,593,943,800,745,620,804,788,700]} 1. e4 c6 2. d4 d5 3. Nc3 dxe4 4. Nxe4 Nf6 5. Nxf6+ exf6 6. Be3 Bd6 {B15: Caro-Kann: 3 Nc3: 3...g6 and 3...dxe4 4 Nxe4 Nf6 5 Nxf6+ exf6.} 7. Bd3 O-O 8. Ne2 (8. c3 {feels hotter.} f5 9. Ne2 Na6 10. Qd2 Nc7 11. Bg5) 8... Bg4 {The position is equal.} 9. Qd2 {[#]} a5 $146 ({Predecessor:} 9... Nd7 10. f3 Be6 11. c4 Re8 12. O-O-O Nf8 13. Kb1 b5 14. c5 Bc7 15. Be4 Ba5 {1-0 (36) Mateus Urbano,L (2241)-Cadena Montoya,G (2030) Bogota 2009}) 10. Ng3 Re8 11. O-O Qc7 12. Rfe1 (12. c4 $14) 12... Nd7 $11 13. Nf1 Nf8 14. h3 Bh5 (14... Bd7 {seems wilder.} 15. Qd1 f5 16. c4 g6 17. d5 Be5) 15. f4 {[#] aiming for f5.} Rxe3 16. Qxe3 {Threatens to win with f5.} ({Of course not} 16. Rxe3 Bxf4 17. Rae1 Bg6 $17) 16... Bxf4 17. Qf2 Rd8 18. Be2 Bg6 19. Bf3 Ne6 20. Rad1 Bd6 21. Kh1 h6 22. c4 (22. Be4 $142 Bxe4 23. Rxe4) 22... b6 23. Be4 Nf4 (23... Bxe4 $11 24. Rxe4 Bc5) 24. Bxg6 fxg6 25. Re4 ({White should try} 25. Qf3 $14) 25... f5 26. Re3 Bc5 27. dxc5 $16 Rxd1 {[#]} 28. cxb6 Qxb6 $2 {[%mdl 8192] This costs Black the game.} (28... Qb8 $14) 29. Re8+ $18 {[%mdl 64] Discovered Attack. White is clearly winning.} Kf7 30. Qxb6 Rxf1+ 31. Kh2 {Intending Qd8 and mate.} Kxe8 32. Qxc6+ {[%mdl 4096] Endgame KQ-KRN} Kf7 33. Qd7+ Kf6 34. Qd8+ Kf7 35. Qxa5 Nh5 36. Qd5+ Kf6 37. Qd4+ Ke7 38. Qe3+ Kf6 {If only Black now had time for ...f4....} 39. Qd3 Ra1 40. g3 g5 41. Qd8+ Kf7 42. Qd5+ Kf6 43. c5 f4 44. gxf4 Nxf4 45. Qd8+ Ke5 46. Qe7+ Kd5 47. Qxg7 Re1 48. Qxh6 Re2+ 49. Kg1 Ke4 50. Qc6+ Ke3 {Weighted Error Value: White=0.34/Black=0.29} 1-0

[Event "UZB-ch Women 2021"]
[Site "Tashkent"]
[Date "2021.04.20"]
[Round "3.1"]
[White "Malikova, Marjona"]
[Black "Yakubbaeva, Nilufar"]
[Result "1-0"]
[WhiteElo "1651"]
[BlackElo "2275"]
[Annotator "TA"]
[PlyCount "134"]
[EventDate "2021.04.17"]
[EventType "tourn"]
[EventCountry "UZB"]
[SourceTitle "playchess.com"]
[Source "ChessBase"]
[SourceQuality "1"]

{[%evp 22,134,39,33,31,31,30,14,16,0,0,0,0,0,0,0,0,0,0,0,0,0,5,6,0,-29,-17,-20,-14,-46,-48,-49,-7,-11,-25,-11,-25,-44,-30,-52,-47,-141,-53,-201,-200,-196,-152,-143,-152,-147,-156,-156,-156,-243,-241,-235,-230,-235,-227,-304,-197,-196,-106,-89,-100,-83,-95,-95,-39,-33,0,-156,-159,-374,-353,-365,-356,-386,-287,-270,-270,-261,-258,-404,-281,-294,-288,-902,-884,-518,0,-1346,-1341,-1252,-1204,-1458,0,-142,0,-1728,-1568,-1807,-1803,-1745,-1700,-1670,-1616,-1524,-1488,-5289,-1379,-29947,-29957,-5631,-5080]} 1. d4 d5 2. c4 e6 3. Nc3 Nf6 4. cxd5 exd5 5. Bg5 c6 6. e3 Be7 7. Bd3 O-O 8. Qc2 Nbd7 9. Nf3 Re8 10. O-O Nf8 11. h3 Be6 12. Ne5 N6d7 {D36: Queen's Gambit Declined: Exchange Variation: Main line (5 Bg5 c6 6 Qc2).} 13. Bxe7 Qxe7 14. f4 f6 {The position is equal.} 15. Nxd7 Qxd7 16. Rae1 Qd6 {[#]} 17. Qf2 $146 ({Predecessor:} 17. e4 dxe4 18. Rxe4 Bf7 19. Qf2 Rad8 20. Rxe8 Rxe8 21. Ne4 Qd5 22. Nc3 Qd7 23. Kh1 {0-1 (82) Hernandez Ducos,J (2180)-Leyva,H (2384) Dos Hermanas 2004}) 17... Re7 18. Re2 Rae8 19. Rfe1 Bf7 20. a3 Bg6 21. f5 Bf7 22. Kh1 Nd7 23. e4 dxe4 24. Nxe4 Qc7 25. Nc5 (25. g4 {seems wilder.} Bd5 26. Kg1 Kf8 27. h4 Nb6 28. Nc5) 25... Nxc5 26. dxc5 Bd5 27. Rxe7 Rxe7 28. Rxe7 Qxe7 29. Qf4 h6 30. Qf2 Qe5 31. Qe2 (31. Kg1 $15) 31... Kf7 ({Better is} 31... Qd4 $1 $17 32. Qe8+ Kh7 33. Qg6+ Kh8 34. Qe8+ Bg8) 32. Qh5+ (32. Qf2 $1 $15) 32... Kf8 $19 33. Qe2 Qd4 34. Qc2 Qf4 35. Kg1 Qe3+ 36. Kh2 h5 37. Qe2 (37. Be2 $17) 37... Qf4+ ({But not} 37... Qxc5 38. Qxh5 Qd6+ 39. Kh1 $17) 38. Kg1 {[#] Now Qf2 and White clings on.} Qd4+ 39. Kh2 h4 ({Don't do} 39... Qxc5 40. Qxh5 Qd6+ 41. Kg1 $17) 40. Qc2 Qe3 41. Bf1 Bb3 (41... a6 $19 42. Qe2 Qxc5) 42. Qd3 $17 Qe5+ 43. Kh1 Bd5 $36 {[%mdl 2048] Black is in control.} 44. b4 Ke7 (44... b6 $17 45. cxb6 axb6) 45. Qe2 $1 $15 Kf8 (45... b6 {looks sharper.} 46. Qf2 Qg3 47. Qxg3 hxg3 48. Bd3 Kf7) 46. Qxe5 $2 (46. Qd3 $11) 46... fxe5 $11 {[%mdl 4096] Endgame KB-KB} 47. Kg1 $2 (47. Kh2 $17) 47... Ke7 $19 48. Kf2 {[#]} Kf6 $1 {[%cal Rf6f5]} 49. Bd3 e4 50. Be2 Kxf5 {White must now prevent ...Kf4.} 51. Ke3 Ke5 52. a4 (52. Bd1 $142) 52... Be6 53. a5 {and the idea Bd1 leaves White hopeful.} a6 54. Bf1 $2 (54. Bd1) 54... Bb3 55. Be2 Be6 (55... Kd5 $142 56. Bg4 Kc4) 56. Bf1 $1 g5 57. Be2 Kd5 58. Bf1 Ke5 $2 (58... g4 $19 {is more deadly. Threatens to win with ...gxh3.} 59. Kd2 gxh3 60. gxh3 Kd4) 59. Be2 $17 Kd5 $2 {[%mdl 8192]} (59... Kf6 $17 60. Kxe4 Bd5+ 61. Kd4 Kf5) 60. Bf1 $1 $19 g4 61. hxg4 Bxg4 62. Kf4 Bd1 63. Ke3 Bh5 64. Kf4 Kd4 65. Kg5 Bd1 66. b5 axb5 67. Bxb5 e3 {[%mdl 32768] Weighted Error Value: White=0.37/Black=0.44. Loss on time!?} 1-0